000 00180nam a22000977a 4500
003 44
005 20220326193258.0
008 140630b
040 _cñakalñañaña
245 _aÑáñañáóél
999 _c255
_d255